[Event "Mitropa Cup Men"]
[Site "Brno CZE"]
[Date "2006.09.12"]
[Round "6"]
[White "Borisek,J"]
[Black "Cvek,R"]
[Result "1/2-1/2"]
[WhiteElo "2495"]
[BlackElo "2509"]

1.e4 e6 2.d4 d5 3.Nd2 Be7 4.c3 dxe4 5.Nxe4 Nf6 6.Nxf6+ Bxf6 7.Nf3 Nd7 8.Be3 O-O
9.Bd3 c5 10.dxc5 Qc7 11.Qc2 g6 12.h4 Nxc5 13.Bxc5 Qxc5 14.h5 Bg7 15.O-O-O b5
16.hxg6 hxg6 17.Rh4 Bb7 18.Rdh1 Bxf3 19.gxf3 Rfd8 20.Rg4 Rd7 21.Qe2 Qd5 22.Bxb5 Rc7
23.Bc4 Qf5 24.Bd3 Qf6 25.Rc4 Rd7 26.Qe3 Rad8 27.Be2 Rd5 28.f4 e5 29.Qxa7 exf4
30.Bf3 Rd3 31.Be4 R3d7 32.Qc5 f3 33.Bc6 Rc7 34.b4 Re7 35.Be4 Re5 36.Qc6 Re6
37.Qc7 Rde8 38.Bd3 Qg5+ 39.Qf4 Qg2 40.Qh4 Re2 41.Rf4 Rxf2 42.Rg4 Rxa2 43.Rxg2 fxg2
44.Rg1 Rc8 45.Kb1 Rca8 46.Kc1 Rc8 47.Kb1 Rca8 48.Kc1 Rc8 49.Kb1  1/2-1/2

[Event "EU-chB16"]
[Site "Herceg Novi MNE"]
[Date "2006.09.13"]
[Round "4"]
[White "Ponizil,C"]
[Black "Stupak,K"]
[Result "0-1"]
[WhiteElo "2199"]
[BlackElo "2346"]

1.e4 e6 2.d4 d5 3.Nd2 Nc6 4.Ngf3 Nf6 5.e5 Nd7 6.Be2 f6 7.exf6 Qxf6 8.Nf1 Bd6
9.Ne3 b6 10.O-O Bb7 11.c4 Ne7 12.Ng4 Qf5 13.Ng5 h5 14.Ne5 Nxe5 15.dxe5 Qxe5
16.f4 Qf6 17.Bxh5+ g6 18.Bg4 Bc5+ 19.Kh1 Nf5 20.Bxf5 gxf5 21.Nxe6 Rxh2+  0-1

[Event "5th Open"]
[Site "Izmir TUR"]
[Date "2006.09.13"]
[Round "4"]
[White "Akcan,U"]
[Black "Wintzer,J"]
[Result "1/2-1/2"]
[WhiteElo "2132"]
[BlackElo "2349"]

1.e4 e6 2.d4 d5 3.Nd2 a6 4.Bd3 c5 5.exd5 exd5 6.dxc5 Bxc5 7.Ngf3 Ne7 8.O-O O-O
9.Nb3 Bd6 10.Nbd4 h6 11.h3 Nd7 12.Nh4 Nc5 13.Nhf5 Nxf5 14.Nxf5 Be5 15.c3 Qf6
16.Ne3 Rd8 17.f4 Bc7 18.Bc2 Qc6 19.Qf3 b5 20.Rd1 Bb7 21.Nf5 Qf6 22.Nd4 Re8
23.Be3 Ne4 24.a4 Nd6 25.axb5 axb5 26.Bb3 Bb6 27.Rxa8 Bxa8 28.Bf2 Ne4 29.Be3 Nd6
30.Bf2 Ne4 31.Be3 Nd6  1/2-1/2

[Event "Mitropa Cup Men"]
[Site "Brno CZE"]
[Date "2006.09.14"]
[Round "8"]
[White "Borisek,J"]
[Black "Caruana,F"]
[Result "1/2-1/2"]
[WhiteElo "2495"]
[BlackElo "2444"]

1.e4 e6 2.d4 d5 3.Nd2 Be7 4.c3 c5 5.dxc5 Bxc5 6.Nb3 Bb6 7.exd5 exd5 8.Qe2+ Ne7
9.Be3 Bxe3 10.Qxe3 O-O 11.Qd2 Nbc6 12.Be2 Ng6 13.Nf3 Qf6 14.O-O Nf4 15.Rfe1 Bg4
16.Bd1 Rfe8 17.Re3 h5 18.g3 Rxe3 19.Qxe3 Ne6 20.Kg2 Rd8 21.Nfd4 Ncxd4 22.Nxd4 Nxd4
23.Qxd4  1/2-1/2

[Event "3rd Szeged Cup"]
[Site "Szeged HUN"]
[Date "2006.09.14"]
[Round "6"]
[White "Kozma,E"]
[Black "Albert,K"]
[Result "0-1"]
[WhiteElo "2086"]
[BlackElo "2120"]

1.e4 e6 2.d4 d5 3.Nd2 Nc6 4.Ngf3 Nf6 5.e5 Nd7 6.c3 f6 7.exf6 Qxf6 8.Be2 Bd6
9.b4 e5 10.b5 Ne7 11.Nb3 e4 12.Nfd2 O-O 13.O-O Nf5 14.g3 Nh4 15.f4 Nf5 16.c4 Nxd4
17.cxd5 Nc5 18.Nxe4 Nxe4 19.Nxd4 Nc3 20.Qd2 Qxd4+  0-1

[Event "3rd Szeged Cup"]
[Site "Szeged HUN"]
[Date "2006.09.14"]
[Round "6"]
[White "Ruszin,A"]
[Black "Bali,E"]
[Result "1-0"]
[WhiteElo "2091"]
[BlackElo "1958"]

1.e4 e6 2.d4 d5 3.Nd2 Be7 4.Bd3 c5 5.dxc5 Nd7 6.exd5 exd5 7.Nb3 Ngf6 8.Nf3 Nxc5
9.Nxc5 Bxc5 10.O-O O-O 11.h3 Qb6 12.c3 a5 13.Qc2 Re8 14.Bf4 Ne4 15.Rae1 Bf5
16.Be3 Bg6 17.Nd4 Re7 18.Rb1 f5 19.Rfe1 Rae8 20.a3 Qf6 21.Nxf5 Bxf5 22.Bxc5 Nxc5
23.Rxe7 Rxe7 24.Bxf5 a4 25.Bxh7+ Kf8 26.Rd1 Rd7 27.Qf5 b6 28.f3 Qxf5 29.Bxf5 Rd8
30.Kf2 Ke7 31.g4 Kf6 32.f4 g6 33.Bc2 Rd7 34.Kf3 Rd8 35.Bd3 Rd7 36.Bb5 Rd6
37.Rd4 Rd8 38.Bxa4  1-0

[Event "Open A"]
[Site "Graz AUT"]
[Date "2006.09.17"]
[Round "2"]
[White "Seuss,O"]
[Black "Brunner,G"]
[Result "1-0"]
[WhiteElo "2154"]
[BlackElo "2027"]

1.e4 e6 2.d4 d5 3.Nd2 Be7 4.Bd3 Nf6 5.e5 Nfd7 6.Ne2 c5 7.c3 Nc6 8.O-O a5
9.Nf3 a4 10.Be3 O-O 11.Qd2 Nb6 12.Bg5 Nc4 13.Bxc4 dxc4 14.Bxe7 Qxe7 15.a3 b6
16.Qe3 Bb7 17.Rad1 Rfd8 18.Rd2 Na5 19.dxc5 Rxd2 20.Nxd2 bxc5 21.Ne4 Bxe4
22.Qxe4 Rd8 23.f4 Qd7 24.Ng3 Qd3 25.Re1 Kf8 26.Re3 Qd1+ 27.Nf1 g6 28.Kf2 Qd5
29.Re2 Nb3 30.Qc2 Qd3 31.Ne3 h5 32.Re1 Ke7 33.Qe2 Nd2 34.Rd1 Ne4+ 35.Ke1 Qxe2+
36.Kxe2 Rxd1 37.Nxd1 f6 38.Ne3 fxe5 39.fxe5 Ng5  1-0

[Event "EU-chG16"]
[Site "Herceg Novi MNE"]
[Date "2006.09.17"]
[Round "7"]
[White "Sirisena,C"]
[Black "Khazhomia,S"]
[Result "0-1"]
[WhiteElo "1950"]
[BlackElo "2116"]

1.e4 e6 2.d4 d5 3.Nd2 a6 4.Ngf3 c5 5.exd5 exd5 6.c3 c4 7.b3 cxb3 8.axb3 Nc6
9.Bd3 Be6 10.O-O Bd6 11.Re1 h6 12.Nf1 Nge7 13.Ne3 O-O 14.Nh4 Qc7 15.h3 Bf4
16.Nef5 Bxf5 17.Nxf5 Nxf5 18.Bxf5 Bxc1 19.Rxc1 g6 20.Bd3 Rfd8 21.Qd2 Kg7
22.Re3 Rac8 23.Rce1 Rd6 24.Qe2 Rf6 25.Qg4 h5 26.Qg5 Qf4 27.Qxf4 Rxf4 28.Kf1 Na5
29.Bc2 Rf6 30.Ke2 Nc6 31.Rc1 b5 32.f3 Nd8 33.Kd2 Ne6 34.Bd3 Nf4 35.Bf1 h4
36.Re7 Rfc6 37.Ra7 Ne6 38.Kd3 Rd6 39.Kd2 Rdc6 40.Kd3 Nf4+ 41.Kd2 Re8 42.c4 dxc4
43.bxc4 Rd8 44.Ke3 g5 45.Ra1 Re6+ 46.Kf2 Rxd4 47.R1xa6 Rd2+ 48.Kg1 Rxa6 49.Rxa6 bxc4
50.Rc6 Rd1 51.Kf2 Nd3+  0-1

[Event "TCh-FIN 2006-7"]
[Site "Turku FIN"]
[Date "2006.09.17"]
[Round "2"]
[White "Nokso Koivisto,An"]
[Black "Vihinen,T"]
[Result "1-0"]
[WhiteElo "2240"]
[BlackElo "2194"]

1.e4 e6 2.d4 d5 3.Nd2 Be7 4.Ngf3 Nf6 5.e5 Nfd7 6.Bd3 c5 7.c3 Nc6 8.O-O a5
9.b3 a4 10.bxa4 c4 11.Bc2 Qa5 12.Nb1 Nb6 13.Bg5 Bd7 14.Bxe7 Nxe7 15.Ng5 h6
16.Nh3 Bxa4 17.Nf4 g6 18.Re1 Bxc2 19.Qxc2 Na4 20.Rc1 b5 21.Nd2 Kd7 22.a3 Rhb8
23.Ne2 Qd8 24.Rcb1 Qa5 25.Rc1 Ra6 26.Ra2 Rba8 27.Nf3 Qd8 28.Rb1 Ra5 29.Qc1 Qf8
30.h3 Nc6 31.Nh2 h5 32.Nf3 R8a6 33.Ng5 Nb6 34.Rab2 Na7 35.Qf4 Ke8 36.Qf6 Nd7
37.Qf4 Rxa3 38.Nh7 Qe7 39.Nf6+ Nxf6 40.exf6 Qd6 41.Qh6 Ra2 42.Rxa2 Rxa2 43.Nf4 Qf8
44.Qg5 Kd7 45.Nxd5 Qd6 46.Nb4 Ra3 47.Qc1 Ra5 48.Qe3 Nc6 49.Nxc6 Kxc6 50.Qe4+ Qd5
51.Qe3 Qf5 52.Rd1 Kd5 53.Re1 Ra2 54.Qg3 Kc6 55.Re5 Qb1+ 56.Kh2 Ra7 57.Rc5+ Kd7
58.Qb8 Qa2 59.Qc8+  1-0

[Event "XVI WSen"]
[Site "Arvier ITA"]
[Date "2006.09.19"]
[Round "8"]
[White "Kristiansen,E"]
[Black "Viner,P"]
[Result "1-0"]
[WhiteElo "2236"]
[BlackElo "2140"]

1.e4 e6 2.d4 d5 3.Nd2 Be7 4.Ngf3 Nf6 5.e5 Ne4 6.Bd3 Nxd2 7.Bxd2 c5 8.dxc5 Nc6
9.b4 Qc7 10.Qe2 a5 11.c3 f6 12.Bb5 O-O 13.Bxc6 bxc6 14.Bf4 Ba6 15.Qe3 Qd7
16.h4 Rfb8 17.exf6 Bxf6 18.Bxb8 Rxb8 19.a3 e5 20.O-O-O Qf5 21.Rhe1 axb4 22.cxb4 Re8
23.Rd2 Re7 24.g3 Bb5 25.Ng1 g5 26.Nf3 g4 27.Ng1 Kg7 28.f3 h5 29.Rf2 Qg6 30.fxg4 hxg4
31.Ne2 d4 32.Rxf6 dxe3 33.Rxg6+ Kxg6 34.Nc3 Bc4 35.Rxe3 Kf5 36.Ne4 Bd5 37.Nd6+ Ke6
38.Kb2 Ra7 39.Re1 Ra8 40.Re3 Ra7 41.Kc2 Ra8 42.Kd2 Ra7 43.Rc3 Ra8 44.b5 cxb5
45.Nxb5 Rc8 46.c6 Bxc6 47.Ke3 Bb7 48.Rxc8 Bxc8 49.Nc3 Bb7 50.a4 Bc8 51.a5 Ba6
52.Ne4 Bc8 53.a6  1-0

[Event "Vojvodina Quality League w"]
[Site "Sremska Mitrovica SRB"]
[Date "2006.09.23"]
[Round "2"]
[White "Milenkovic,H"]
[Black "Pihajlic,A"]
[Result "1-0"]
[WhiteElo "2030"]
[BlackElo "2080"]

1.e4 e6 2.d4 d5 3.Nd2 Nc6 4.Ngf3 Nf6 5.e5 Nd7 6.c3 f6 7.exf6 Qxf6 8.Bd3 Bd6
9.Nf1 e5 10.Ne3 e4 11.Nxd5 Qe6 12.Ng5 Qxd5 13.Bxe4 Qg8 14.Qh5+ g6 15.Qf3 Ne7
16.O-O h6 17.Nh3 g5 18.Qe2 Nf6 19.Bc2 Qe6 20.Re1 Qxe2 21.Rxe2 Bg4 22.f3 Bxh3
23.gxh3 Kd7 24.c4 c6 25.Bd2 Raf8 26.Rae1 Rf7 27.Bc3 Rhf8 28.b4 b6 29.a4 Nh5
30.Be4 Nf4 31.Ra2 Nxh3+ 32.Kh1 g4 33.c5 Bc7 34.b5 Ng5 35.bxc6+ Nxc6 36.d5 Nxe4
37.dxc6+ Kxc6 38.fxe4 Rf1+ 39.Rxf1 Rxf1+ 40.Kg2 Rf3 41.cxb6 axb6 42.Bg7 Rh3
43.Rc2+ Kd7 44.e5 Re3 45.Bxh6 Rxe5 46.Rxc7+ Kxc7 47.Bf4 Kd6 48.Kg3 Kd5 49.Bxe5 Kxe5
50.Kxg4 Kd4 51.h4 Kc4 52.h5 Kb4 53.h6 Kxa4 54.h7 b5 55.h8=Q b4 56.Qb2  1-0

[Event "XVI Gros Open"]
[Site "San Sebastian ESP"]
[Date "2006.09.24"]
[Round "4"]
[White "Rizouk,A"]
[Black "Mendikute Fierro,C"]
[Result "1-0"]
[WhiteElo "2447"]
[BlackElo "2027"]

1.e4 e6 2.d4 d5 3.Nd2 Be7 4.Ngf3 Nf6 5.Bd3 c5 6.c3 b6 7.dxc5 bxc5 8.O-O O-O
9.Re1 Bb7 10.e5 Nfd7 11.Nf1 Nc6 12.Bc2 Qc7 13.Bf4 Rfd8 14.Ng5 Nf8 15.Qg4 d4
16.Rad1 dxc3 17.Rxd8 Rxd8 18.bxc3 Bxg5 19.Bxg5 Rd7 20.h4 Nxe5 21.Qg3 Neg6
22.Qe3 Qc6 23.f3 h6 24.h5 Ne7 25.Bxh6 gxh6 26.Qxh6 Nf5 27.Qg5+ Kh8 28.Qf6+ Kg8
29.Re4 Nh7 30.Rg4+ Kf8 31.Qh8+ Ke7 32.Qxh7 Qd5 33.Bxf5 Qxf5 34.Qxf5 exf5
35.Rg8 Ba6 36.h6  1-0

[Event "Monarch Assurance Isle of Man"]
[Site "Port Erin IOM"]
[Date "2006.09.25"]
[Round "3"]
[White "Volkov,S1"]
[Black "Williams,Si"]
[Result "1-0"]
[WhiteElo "2628"]
[BlackElo "2473"]

1.d4 e6 2.e4 d5 3.Nd2 Be7 4.Bd3 Nc6 5.Ngf3 Nb4 6.Be2 c5 7.a3 Nc6 8.exd5 exd5
9.dxc5 Bxc5 10.O-O Nge7 11.b4 Bb6 12.c4 O-O 13.Bb2 Be6 14.c5 Bc7 15.b5 Na5
16.Qc2 Ng6 17.Bd3 b6 18.c6 Re8 19.Rfe1 Rc8 20.Qc3 f6 21.Qc2 Bf7 22.Rxe8+ Qxe8
23.a4 Bd6 24.Ba3 Qf8 25.Bxd6 Qxd6 26.Rc1 Rc7 27.g3 Nf8 28.Nd4 g6 29.Qc3 Kg7
30.Bf1 Nd7 31.N4b3 Nxb3 32.Nxb3 Ne5 33.Nd4 Nd7 34.a5 Nc5 35.Qa3 Qe7 36.Rxc5 bxc5
37.b6 cxd4 38.Qxe7 Rxe7 39.b7 d3 40.Bxd3  1-0

[Event "15th TCh-CRO"]
[Site "Sibenik CRO"]
[Date "2006.09.25"]
[Round "4"]
[White "Leventic,I"]
[Black "Fucak,E"]
[Result "1-0"]
[WhiteElo "2488"]
[BlackElo "2311"]

1.e4 e6 2.d4 d5 3.Nd2 Be7 4.Bd3 c5 5.dxc5 Nf6 6.Qe2 O-O 7.Ngf3 a5 8.O-O Na6
9.e5 Nd7 10.Nb3 Ndxc5 11.Nbd4 Nxd3 12.cxd3 Bd7 13.Bd2 Qb6 14.Be3 Nc5 15.Rfc1 Rfc8
16.Rc3 Na4 17.Nc6 Rxc6 18.Bxb6 Nxc3 19.Qe3 Na4 20.Bd4 Rac8 21.h4 b5 22.g3 h6
23.Kg2 b4 24.Rb1 R6c7 25.Nd2 Nc5 26.Nb3 a4 27.Nxc5 Bxc5 28.Bxc5 Rxc5 29.Qd2 d4
30.Qxb4 Rxe5 31.Qxd4 Rd5 32.Qe3 Bb5 33.Rc1 Rcd8 34.d4 Rxd4 35.Rc8 Rxc8 36.Qxd4 Bc4
37.g4 Bxa2 38.Qxa4 Bd5+ 39.Kg3 f6 40.f4 Kh7 41.Qa3 Rc1 42.Qe3 Rd1 43.Kf2 Rh1
44.Kg3 Rd1 45.b4 f5 46.b5 Rb1 47.b6 Rb2 48.g5 Kg6 49.Qd4 Rg2+ 50.Kh3 Rg4
51.gxh6 Bg2+ 52.Kh2 Kxh6 53.Qd7 Bd5 54.Qxd5 exd5 55.b7 Rxf4 56.b8=Q Rxh4+
57.Kg3 Rg4+ 58.Kf3 g6 59.Qh8+ Kg5 60.Qd8+ Kh6 61.Qxd5 Kg7 62.Qe5+ Kf7 63.Qc7+ Ke6
64.Qg7 Kd6 65.Qf6+ Kd5 66.Qe7 Kc6 67.Qe6+ Kc5 68.Qd7 Kc4 69.Qc6+ Kd4 70.Qd6+ Kc4
71.Qe5 Kd3 72.Qc5 Kd2 73.Qe3+ Kc2 74.Qa3 Rc4 75.Qa2+ Kc3 76.Qa1+ Kc2 77.Qe5 Rc3+
78.Kf2 Rc4 79.Qd5 Rg4 80.Qf3 Kd2 81.Qb3 Rf4+ 82.Kg3 Rd4 83.Qb2+ Kd3 84.Qb5+ Kd2
85.Kf3 Rg4 86.Qb3 Rd4 87.Qe3+  1-0

[Event "1st TCH-MNE"]
[Site "Herceg Novi MNE"]
[Date "2006.09.30"]
[Round "9"]
[White "Solomunovic,I"]
[Black "Drasko,M"]
[Result "1/2-1/2"]
[WhiteElo "2428"]
[BlackElo "2521"]

1.e4 e6 2.d4 d5 3.Nd2 Nc6 4.Ngf3 Nf6 5.e5 Nd7 6.c3 f6 7.Bb5 fxe5 8.dxe5 Be7
9.O-O O-O 10.Re1 a5 11.Nf1 Nc5 12.Ng3 Bd7 13.Bf1 Be8 14.Nd4 Bg6 15.Qg4 Qe8
16.Bg5 Qf7 17.f3 Nxd4 18.cxd4 Nd3 19.Bxd3 Bxd3 20.Bxe7 Qxe7 21.Rac1 a4 22.Rc3 Bg6
23.Ne2 c6  1/2-1/2

[Event "Corporacion del Sur A"]
[Site "Buenos Aires ARG"]
[Date "2006.10.06"]
[Round "4"]
[White "Needleman,G"]
[Black "Valerga,D"]
[Result "1-0"]
[WhiteElo "2427"]
[BlackElo "2461"]

1.e4 e6 2.d4 d5 3.Nd2 Be7 4.Ngf3 Nf6 5.e5 Nfd7 6.c3 c5 7.Bd3 Nc6 8.O-O g5
9.b3 cxd4 10.cxd4 Nf8 11.Bb2 Bd7 12.a3 a5 13.Ne1 Ng6 14.g3 Qb6 15.Nc2 a4
16.b4 Na7 17.Nb1 Nb5 18.Ne3 Rc8 19.Bc2 f6 20.Bxa4 O-O 21.Bc2 fxe5 22.dxe5 Rxf2
23.Rxf2 Qxe3 24.Qd3 Qxd3 25.Bxd3 Bd8 26.Kg2 d4 27.Bxg6 hxg6 28.a4 Nc3 29.b5 Nd1
30.Rd2 Ne3+ 31.Kf3 Nc2 32.Bxd4 Ba5 33.Rd1 g4+ 34.Kxg4 Nxa1 35.Bxa1 Be8 36.Bc3 Bxc3
37.Rc1 Rc4+ 38.Kf3 Rxa4 39.Nxc3 Rc4 40.b6 Rc6 41.Ne2 Rxb6 42.Rc8 Kf7 43.Rc7+ Kf8
44.Nd4 Bf7 45.h4 Rb1 46.Ke4 Rb4 47.Ke3 Rb1 48.Nf3 b5 49.Ng5 Bg8 50.Kf4 Rf1+
51.Kg4 Re1 52.Rc5 b4 53.Rb5 Rb1 54.Nh3 Bf7 55.Nf4 Rb3 56.Kg5 Be8 57.Rb7 Rxg3+
58.Kf6 b3 59.Nxe6+ Kg8 60.Rb8 Rf3+ 61.Ke7 b2 62.Rxb2 Re3 63.Rb8 Rxe5 64.Rxe8+ Kh7
65.Rf8 Re1 66.Rf4 Kh6 67.Kf6 Kh5 68.Rd4 Rf1+ 69.Kg7 g5 70.hxg5 Rf7+ 71.Kg8 Re7
72.Re4 Rd7 73.Re5 Ra7 74.Nf8  1-0

[Event "Vasylyshyn Mem"]
[Site "Lviv UKR"]
[Date "2006.10.07"]
[Round "1"]
[White "Oleksienko,M"]
[Black "Stupak,K"]
[Result "1-0"]
[WhiteElo "2530"]
[BlackElo "2408"]

1.e4 e6 2.d4 d5 3.Nd2 Nc6 4.Ngf3 Nf6 5.e5 Nd7 6.Be2 f6 7.exf6 Qxf6 8.Nf1 Bd6
9.Ne3 b6 10.O-O Bb7 11.b3 O-O 12.Bb2 Ne7 13.Ne5 Nxe5 14.dxe5 Bxe5 15.Ng4 Bxh2+
16.Kxh2 Qxb2 17.f4 Nf5 18.Bd3 Qa3 19.Rf3 Qd6 20.Ne5 Rf6 21.Rh3 Rh6 22.Rxh6 Nxh6
23.Qh5 Rf8 24.g3 c5 25.Re1 Nf5 26.g4 Nh6 27.Bxh7+ Kxh7 28.g5 Rf5 29.Qg6+ Kg8
30.gxh6 Qe7 31.Kg3 Rf6 32.h7+ Kh8 33.Qh5  1-0

[Event "7th Veselin Boskovic Mem Op"]
[Site "Beograd SRB"]
[Date "2006.10.10"]
[Round "8"]
[White "Bojkovic,N"]
[Black "Antic,De"]
[Result "1/2-1/2"]
[WhiteElo "2383"]
[BlackElo "2437"]

1.e4 e6 2.d4 d5 3.Nd2 Be7 4.Bd3 c5 5.dxc5 Nf6 6.exd5 Qxd5 7.Ngf3 Nbd7 8.Nb3 Nxc5
9.Bb5+ Bd7 10.Bxd7+ Ncxd7 11.Be3 Rc8 12.c3 Qc4 13.Qe2 Nd5 14.Qxc4 Rxc4 15.Bd2 Re4+
16.Kf1 O-O 17.g3 N7b6 18.Re1 Ra4 19.a3 Nc4 20.Bc1 Ra6 21.Nbd2 Rc8 22.Nxc4 Rxc4
23.Kg2 b5 24.Rd1 Rb6 25.Rhe1 Rb7 26.Nd4 Rc8 27.Nb3 h6 28.f4 Nb6 29.Na5 Rd7
30.Rxd7 Nxd7 31.Be3 a6  1/2-1/2

[Event "FSGM October"]
[Site "Budapest HUN"]
[Date "2006.10.10"]
[Round "4"]
[White "Rajlich,V"]
[Black "Toth,E"]
[Result "1-0"]
[WhiteElo "2304"]
[BlackElo "2331"]

1.e4 e6 2.d4 d5 3.Nd2 Be7 4.Ngf3 Nf6 5.e5 Nfd7 6.c3 c5 7.Bd3 Nc6 8.O-O g5
9.h3 h5 10.h4 gxh4 11.Re1 Qb6 12.c4 Nf8 13.a3 Rg8 14.b4 cxd4 15.c5 Qc7 16.Nb3 f6
17.Nbxd4 Bd7 18.Bh6 Ng6 19.exf6 Nf4 20.Nb5  1-0

[Event "Vasylyshyn Mem"]
[Site "Lviv UKR"]
[Date "2006.10.12"]
[Round "9"]
[White "Grekh,A"]
[Black "Stupak,K"]
[Result "1/2-1/2"]
[WhiteElo "2370"]
[BlackElo "2408"]

1.e4 e6 2.d4 d5 3.Nd2 Nc6 4.Ngf3 Nf6 5.e5 Nd7 6.c3 f6 7.exf6 Qxf6 8.Bd3 Bd6
9.Nf1 e5 10.Ne3 Nb6 11.dxe5 Nxe5 12.Nxe5 Qxe5 13.Qc2 Be6 14.Bd2 O-O-O 15.O-O-O g6
16.f4 Qxf4 17.Nxd5 Qf2 18.Nxb6+ Qxb6 19.Qa4 Bxh2 20.Bg5 Rd5 21.Bf6 Rf8 22.Bd4 Bf4+
23.Kb1 Ra5 24.Bxb6 Rxa4 25.Bc5 Bxa2+ 26.Kc2 Bd6 27.Bxd6 cxd6 28.Rxh7 Rf2+
29.Rd2 Rxd2+ 30.Kxd2 Rg4 31.Ke3 Bd5 32.Rg7 Rxg2 33.c4 Be6 34.b4 Rg3+ 35.Kd4 Rg4+
36.Kc3 Bf5 37.Bxf5+ gxf5 38.Rf7 Rf4 39.b5 Rf1 40.Kd4 f4 41.Kd5 Rd1+ 42.Ke4 Re1+
43.Kd5 Rd1+ 44.Ke4 Re1+ 45.Kd5 Rd1+ 46.Ke4  1/2-1/2

[Event "Muensterland Open"]
[Site "Senden GER"]
[Date "2006.10.12"]
[Round "7"]
[White "Zelbel,P"]
[Black "Farago,I"]
[Result "1/2-1/2"]
[WhiteElo "2079"]
[BlackElo "2522"]

1.e4 e6 2.d4 d5 3.Nd2 Be7 4.e5 c5 5.Qg4 Kf8 6.dxc5 Nc6 7.Qg3 f6 8.Ngf3 Bxc5
9.Nb3 Bb6 10.Bf4 fxe5 11.Nxe5 Nf6 12.Nxc6 bxc6 13.Be5 Kf7 14.Bd3 a5 15.O-O Ba6
16.Kh1 Bxd3 17.cxd3 a4 18.Nd4 Bxd4 19.Bxd4 Re8 20.Rac1 Rc8 21.Rfe1 Qe7 22.Re3 Kg8
23.Bc5 Qb7 24.Bd4 Qe7 25.Bc5 Qb7 26.Bd4  1/2-1/2

[Event "I Patrimonio de la Humanidad Open"]
[Site "Alcala de Henares ESP"]
[Date "2006.10.13"]
[Round "7"]
[White "Kasparov,S"]
[Black "Caruana,F"]
[Result "1/2-1/2"]
[WhiteElo "2529"]
[BlackElo "2474"]

1.e4 e6 2.d4 d5 3.Nd2 Be7 4.Ngf3 Nf6 5.Bd3 c5 6.exd5 Qxd5 7.dxc5 Qxc5 8.O-O O-O
9.Qe2 Nbd7 10.a3 Qh5 11.Nd4 Nc5 12.Qxh5 Nxh5 13.Be2 Nf4 14.Bf3 Rd8 15.N2b3 Ng6
16.Nxc5 Bxc5 17.Nb3 Be7 18.Be3 Ne5 19.Be2 Bd7 20.f4 Ng6 21.Bf3 Rac8 22.c3 Ba4
23.Nd4 b6 24.Bd1 Bxd1 25.Raxd1 Bc5 26.g3 Ne7 27.Nc2 Bxe3+ 28.Nxe3 Kf8 29.Kf2 Ke8
30.Ke2 Rc5 31.Rxd8+ Kxd8 32.Rd1+ Kc7 33.c4 Nf5 34.Nxf5 Rxf5 35.Ke3 Rh5 36.Rd2 e5
37.b4 exf4+ 38.Kxf4 f6 39.Re2 Kd7 40.h4 g6 41.Rd2+ Kc7 42.Ke4 Re5+ 43.Kd4 Rf5
44.Rd3 Kc6 45.Re3 Kd7 46.Rc3 Kc6 47.Re3 Kd7 48.Rc3 Kc6 49.Rd3 Kc7 50.Re3 Kd7  1/2-1/2

[Event "22nd ECU Club Cup"]
[Site "Feugen AUT"]
[Date "2006.10.13"]
[Round "6"]
[White "Berend,F"]
[Black "Berelovich,A"]
[Result "0-1"]
[WhiteElo "2354"]
[BlackElo "2551"]

1.e4 e6 2.d4 d5 3.Nd2 Be7 4.Ngf3 Nf6 5.Bd3 c5 6.exd5 Qxd5 7.dxc5 Nbd7 8.Nb3 Nxc5
9.Bb5+ Bd7 10.Bxd7+ Ncxd7 11.Be3 O-O 12.Qxd5 Nxd5 13.O-O-O Rfc8 14.Kb1 N7b6
15.Bd4 a5 16.Nbd2 a4 17.a3 Ra5 18.Rhe1 Rb5 19.Kc1 Nf4 20.Ne4 Nc4 21.g3 Nd5
22.Rd3 f6 23.Nc3 Nxb2 24.Rde3 Nxc3 25.Rxc3 Rxc3 26.Bxc3 Bxa3 27.Rxe6 Nc4+
28.Kd1 Bb2 29.Nd4 Rd5 30.Bxb2 Nxb2+ 31.Kc1 a3 32.c3 Na4 33.Kc2 a2 34.Nb3 Rc5
35.Re3 Kf7 36.Na1 Rb5 37.Re4 Rb2+ 38.Kc1 Rb1+ 39.Kd2 Rxa1 40.Rxa4 Rf1  0-1

[Event "22nd ECU Club Cup"]
[Site "Feugen AUT"]
[Date "2006.10.13"]
[Round "6"]
[White "Maeser,F"]
[Black "Kiriakov,P"]
[Result "1/2-1/2"]
[WhiteElo "2289"]
[BlackElo "2554"]

1.e4 e6 2.d4 d5 3.Nd2 a6 4.Ngf3 c5 5.exd5 exd5 6.Be2 c4 7.O-O Bd6 8.Re1 Ne7
9.b3 cxb3 10.axb3 O-O 11.Nf1 Nbc6 12.Ng3 Qc7 13.c3 Bg4 14.Bd3 Ng6 15.h3 Bd7
16.Nf5 Bxf5 17.Bxf5 Nce7 18.Bxg6 Nxg6 19.Qd3 b5 20.Ba3 Rfe8 21.Bxd6 Qxd6
22.b4 Nf4 23.Qd2 f6 24.Qc2 g6 25.Rxe8+ Rxe8 26.Re1 Rxe1+ 27.Nxe1 Qe6 28.Kf1 g5
29.Qd2 Qc8 30.f3 h5 31.Kf2 Qf5 32.Qe3 Kf8 33.Qd2 Qh7 34.h4 Qf5 35.hxg5 fxg5
36.g3 Nh3+ 37.Kg2 h4 38.Nd3 hxg3  1/2-1/2

[Event "HSK 1830 IM"]
[Site "Hamburg GER"]
[Date "2006.10.21"]
[Round "8"]
[White "Chevelevitch,E"]
[Black "Breuer,S"]
[Result "1/2-1/2"]
[WhiteElo "2431"]
[BlackElo "2330"]

1.e4 e6 2.d4 d5 3.Nd2 Be7 4.Bd3 c5 5.dxc5 Nf6 6.Qe2 O-O 7.Ngf3 a5 8.O-O Na6
9.e5 Nd7 10.c3 Naxc5 11.Bc2 f6 12.exf6 Bxf6 13.Nb3 b6 14.Nxc5 Nxc5 15.Re1 Ba6
16.Qe3 Qd6 17.Ne5 Bxe5 18.Qxe5 Qxe5 19.Rxe5 Bd3 20.Bxd3 Nxd3 21.Re2 Nxc1
22.Rxc1 Rf6 23.Rce1 Kf7 24.f4 Rc8 25.f5 exf5 26.Re7+ Kg6 27.Rd7 Rcf8 28.Rxd5 R8f7
29.Kf2 Rc7 30.Ree5 h6 31.Ke3 Kg5 32.Rd4 Rcc6 33.Kf3 Rfd6 34.g4 g6 35.gxf5 gxf5
36.h4+ Kg6 37.Kf4 Rf6 38.c4 a4 39.b3 axb3 40.axb3 Rce6 41.Rdd5 Kh5 42.Rxe6 Rxe6
43.Kxf5 Rg6 44.Rd4 Rg3 45.b4 Rb3 46.c5 bxc5 47.bxc5 Rc3 48.Rd5 Kxh4 49.Ke6 h5
50.Kd6 Kg4 51.c6 h4 52.Rc5 Rd3+ 53.Ke7 Re3+ 54.Kf7 Ra3 55.c7 Ra8 56.c8=Q+ Rxc8
57.Rxc8 h3 58.Kg6  1/2-1/2

[Event "TCh-FIN 2006-7"]
[Site "Joensuu FIN"]
[Date "2006.10.21"]
[Round "3"]
[White "Anjuhin,A"]
[Black "Kekki,P"]
[Result "1/2-1/2"]
[WhiteElo "2396"]
[BlackElo "2370"]

1.e4 e6 2.d4 d5 3.Nd2 Be7 4.Bd3 Nf6 5.Ngf3 c5 6.dxc5 dxe4 7.Nxe4 Nxe4 8.Bxe4 Qxd1+
9.Kxd1 Bxc5 10.Be3 Bxe3 11.fxe3 Nd7 12.Ke2 Ke7 13.c4 f5 14.Bc2 b6 15.Ba4 Bb7
16.Bxd7 Bxf3+ 17.gxf3 Kxd7 18.Rhd1+ Kc6 19.Rd4 Rad8 20.f4 Rhg8 21.h4 Rde8
22.Rad1 Re7 23.b4 Rf8 24.Rd6+ Kc7 25.b5 Rc8 26.R1d4 Kb7 27.Kd3 Rcc7 28.Rd8 e5
29.fxe5 Rxe5 30.R4d5 Re4 31.Rxf5 Rexc4 32.Rff8  1/2-1/2

[Event "WYB14"]
[Site "Batumi GEO"]
[Date "2006.10.23"]
[Round "5"]
[White "Ter Sahakyan,S"]
[Black "Thavandiran,S"]
[Result "0-1"]
[WhiteElo "2229"]
[BlackElo "2264"]

1.e4 e6 2.d4 d5 3.Nd2 Nc6 4.Ngf3 Nf6 5.e5 Nd7 6.Nb3 a5 7.a4 b6 8.Bb5 Ncb8
9.O-O Be7 10.Re1 Ba6 11.c3 c6 12.Bxa6 Nxa6 13.Bf4 O-O 14.Qd2 c5 15.Bg5 Rc8
16.Bxe7 Qxe7 17.Qe2 Ndb8 18.Nbd2 Qb7 19.h4 Nc6 20.Nb3 cxd4 21.Nbxd4 Nxd4
22.Nxd4 Nc5 23.h5 h6 24.Qg4 Qd7 25.Re3 Kh8 26.f3 Nxa4 27.Nxe6 fxe6 28.Rxa4 Rf5
29.Rd4 b5 30.f4 b4 31.Qd1 Qa7 32.g3 bxc3 33.bxc3 Rf7 34.Kg2 Rfc7 35.Qb3 Rc4
36.Red3 Qf7 37.Qa3 Qxh5 38.Qxa5 Qe2+ 39.Kh3 Rb8 40.Rd2 Qh5+ 41.Kg2 Rxd4 42.cxd4 Rb3
43.Rf2 Rb1 44.Qd8+ Kh7 45.Qh4 Qd1 46.Qh2 Qxd4 47.Qh5 Qe4+ 48.Qf3 Qe1 49.Kh2 Rb3
50.Qxb3 Qxf2+ 51.Kh3 Qf1+ 52.Kh2 Qe2+ 53.Kh3 Qe4 54.Kh2 Qe2+ 55.Kh3 h5 56.Qb1+ Kh6
57.Qb8 Qg4+ 58.Kh2 Kh7 59.Qd8 h4 60.gxh4 Qxf4+ 61.Kh3 Qxe5 62.Kg4 d4 63.h5 Qe4+
64.Kg3 Qe5+ 65.Kg4 Qf5+ 66.Kg3 d3 67.h6 Qg6+  0-1

[Event "III Open"]
[Site "Calvia ESP"]
[Date "2006.10.23"]
[Round "4"]
[White "Bartel,Mat"]
[Black "Kutuzov,D"]
[Result "1-0"]
[WhiteElo "2569"]
[BlackElo "2315"]

1.e4 e6 2.d4 d5 3.Nd2 a6 4.Bd3 c5 5.dxc5 Nf6 6.Qe2 Bxc5 7.Ngf3 O-O 8.e5 Nfd7
9.Nb3 Be7 10.h4 h6 11.Rh3 f5 12.Bf4 Nc6 13.O-O-O a5 14.a4 Nb6 15.Rg1 Nxa4
16.g4 Nxb2 17.Kxb2 a4 18.Nbd4 Nxd4 19.Nxd4 Qa5 20.c3 Bd7 21.gxf5 a3+ 22.Ka2 Qxc3
23.f6 Qxd4 24.Rxg7+  1-0

[Event "10th Essent Open"]
[Site "Hoogeveen NED"]
[Date "2006.10.23"]
[Round "4"]
[White "Otte,Mari"]
[Black "Berger,Stev"]
[Result "1-0"]
[WhiteElo "2162"]
[BlackElo "2412"]

1.e4 e6 2.d4 d5 3.Nd2 Be7 4.Ngf3 Nf6 5.e5 Nfd7 6.Bd3 c5 7.c3 Nc6 8.O-O h5
9.Re1 cxd4 10.cxd4 g5 11.Nb3 g4 12.Nfd2 a5 13.a4 Qb6 14.Nb1 Nxd4 15.Nxd4 Qxd4
16.Nc3 Qb6 17.Bb5 Bc5 18.Kh1 Kf8 19.Bf4 Bxf2 20.Rf1 g3 21.Qf3 h4 22.Nd1 f5
23.exf6 e5 24.Nxf2 exf4 25.Ng4 h3 26.Qxf4 hxg2+ 27.Kxg2 Nc5 28.Qe3 Be6 29.Rac1 Rc8
30.hxg3 Qd6 31.Rh1 Rg8 32.Ne5 Rc6 33.Bxc6 bxc6 34.Qh6+ Ke8 35.f7+  1-0

[Event "10th Essent Open"]
[Site "Hoogeveen NED"]
[Date "2006.10.23"]
[Round "4"]
[White "Van Beek,Al"]
[Black "Smerdon,D"]
[Result "1-0"]
[WhiteElo "2379"]
[BlackElo "2473"]

1.e4 e6 2.d4 d5 3.Nd2 Be7 4.Bd3 c5 5.dxc5 Nf6 6.Qe2 Nc6 7.Ngf3 Nb4 8.Nb3 a5
9.Bg5 a4 10.Nbd2 a3 11.b3 h6 12.Bxf6 Bxf6 13.e5 Be7 14.c3 Nxd3+ 15.Qxd3 Qd7
16.b4 b6 17.cxb6 Ba6 18.Qe3 O-O 19.Nd4 f6 20.N2f3 Rac8 21.Rc1 Bc4 22.exf6 Bxf6
23.Ne5 Bxe5 24.Qxe5 Rb8 25.f3 Rxb6 26.Kf2 Qa7 27.Rc2 Rc8 28.Qe3 Re8 29.f4 Rb7
30.Re1 Rf7 31.Kg1 Qc7 32.g3 g5 33.fxg5 e5 34.gxh6 Qd7 35.Nf3 Qh3 36.Rf2 Qh5
37.Qg5+ Qxg5 38.Nxg5 Rxf2 39.Kxf2 e4 40.Ke3 Rc8 41.h7+ Kg7 42.Kd4 Re8 43.h4 Ra8
44.Ra1 Re8 45.h8=Q+ Rxh8 46.Nxe4 Rd8 47.Nd2 Ba6 48.Nb1  1-0